Sổ tay ôn luyện kiến thức ngữ văn 12

Guardat en:
Dades bibliogràfiques
Autor principal: Nguyễn, Xuân Lạc
Format: Llibre
Idioma:Undetermined
Publicat: Hà Nội Giáo dục Việt Nam 2012
Matèries:
Etiquetes: Afegir etiqueta
Sense etiquetes, Sigues el primer a etiquetar aquest registre!
Thư viện lưu trữ: Trung tâm Học liệu Trường Đại học Cần Thơ
LEADER 00646nam a2200205Ia 4500
001 CTU_183991
008 210402s9999 xx 000 0 und d
020 |c 46000 
082 |a 495.9220712 
082 |b L101 
100 |a Nguyễn, Xuân Lạc 
245 0 |a Sổ tay ôn luyện kiến thức ngữ văn 12 
245 0 |c Nguyễn Xuân Lạc 
260 |a Hà Nội 
260 |b Giáo dục Việt Nam 
260 |c 2012 
650 |a Philology,Ngữ văn 
650 |x Study and teaching (secondary),Dạy và học (trung học) 
904 |i Hải 
980 |a Trung tâm Học liệu Trường Đại học Cần Thơ